| 000 | 01339nam a2200313Ia 4500 | ||
|---|---|---|---|
| 003 | OSt | ||
| 005 | 20221007123408.0 | ||
| 006 | a|||||r|||| 00| 0 | ||
| 007 | ta | ||
| 008 | 221006b |||||||| |||| 00| 0 eng d | ||
| 020 |
_a8187169214 (pbk) _cRs.425.00 |
||
| 024 | _a11147 | ||
| 037 |
_bUnilib, _cTextual |
||
| 040 |
_aPAPL _cPAPL _beng |
||
| 041 |
_2eng _aeng |
||
| 082 | _aCM65, N3;1 | ||
| 100 | _aYung-Kuo Lim Ed | ||
| 110 | _aUniversity of Science and Technology of China, the Physics Coaching Class^fComp | ||
| 245 | 0 | _aProblems and solutions on Electromagnetism comp by University of Science and Technology of China, The Physics Coaching Class. Ed by Lim Yung-Kuo | |
| 260 |
_aSingapore _bWorld Scientific _c1993 |
||
| 300 |
_ax, 665p _ccm. |
||
| 490 | _aMajor American Universities Ph.D. qualifying questions and solutions | ||
| 500 | _a (Reprinted in 2002); ; Index 659-665p; ^n23/CSL/CARPA/2003-2004/1003^d2003-11-11^mPurchase; ; 2003-04/412^b2003-11-19^c246^d2003-11-11^eRs.4,680.00^fUnilib Book Distributors; ; 2004-01-14^bSB^c2004-01-14^dVinay | ||
| 650 | _a Electromagnetism | ||
| 650 | _aPhysics | ||
| 700 | _aUniversity of Science and Technology of China, the Physics Coaching Class^fComp | ||
| 942 |
_hCM65, N3;1 _cTEXL _2CC |
||
| 999 |
_c1211817 _d1211817 |
||